[Event "GER-chT Nord-West U20"]
[Site "Germany"]
[Date "2006.09.24"]
[Round "1.6"]
[White "Loeding, Jan"]
[Black "Stellfeld, Tilman"]
[Result "0-1"]
[WhiteElo "1021"]
[BlackElo "1568"]
[PlyCount "82"]
[EventDate "2006.09.24"]
[EventType "team-tourn"]
[EventRounds "9"]
[EventCountry "GER"]
[SourceTitle "EXT 2008"]
[Source "ChessBase"]
[SourceDate "2007.11.25"]
[SourceVersion "1"]
[SourceVersionDate "2007.11.25"]
[SourceQuality "1"]

1. e4 c5 2. Nf3 e6 3. Nc3 a6 4. d4 cxd4 5. Nxd4 Qc7 6. Nf3 d6 7. b3 Qxc3+ 8. Bd2 Qc7 9. Bd3 Nf6 10. 0-0 Be7 11. Qe1 Nbd7 12. Bc3 0-0 13. Rd1 Ng4 14. h3 Nge5 15. Nd4 b6 16. Bd2 Bb7 17. f4 Nxd3 18. cxd3 Rac8 19. Qg3 Bf6 20. e5 dxe5 21. fxe5 Qxe5 22. Qe3 Qxd4 23. Rc1 Nc5 24. Rf4 Qxe3+ 25. Bxe3 Nxd3 26. Rxc8 Rxc8 27. Rf1 b5 28. Rd1 Ne5 29. b4 Kf8 30. Bc5+ Be7 31. Bd4 Rd8 32. Kf2 Nc6 33. Ke3 Nxd4 34. Rxd4 Rxd4 35. Kxd4 Bxb4 36. g3 Bg2 37. h4 Be1 38. Kc5 Bxg3 39. Kb6 Bxh4 40. Kxa6 Bd5 41. a3 Be7 0-1